Statistiques concernant Paroles - La bombe humaine - Téléphone

Cliquez ici pour prendre le quiz!

Statistiques générales

  • Ce quiz a été pris 329 fois
  • Le résultat moyen est 175 sur 238

Statistiques - réponses

Réponse% Correct
La
100%
la
100%
à
99%
bombe
98%
de
98%
hum
98%
humaine
97%
C'est
96%
c'est
96%
elle
96%
Le
95%
le
95%
ta
95%
tu
93%
Tu
93%
du
92%
en
91%
main
90%
dans
89%
des
89%
fin
87%
Je
87%
coeur
84%
tiens
84%
toi
84%
t'appartient
83%
par
82%
que
82%
mon
81%
Mon
81%
vous
81%
Si
80%
ton
80%
moi
79%
as
78%
demain
78%
me
78%
ne
78%
côté
77%
veux
77%
juste
76%
destin
75%
parler
75%
qui
75%
Qui
75%
monde
74%
prendre
74%
un
74%
pas
73%
ses
73%
suis
73%
ça
72%
plus
71%
sera
70%
l'détonateur
69%
l'arme
68%
au
67%
laisse
67%
sans
67%
une
66%
quelqu'un
63%
Quelqu'un
63%
Enfantée
61%
père
61%
dort
60%
leur
60%
quoi
60%
sont
60%
calmants
59%
Maman
59%
excitants
58%
laisses
58%
nous
56%
peur
56%
travaille
56%
vois
55%
aller
54%
font
54%
malheur
54%
tenir
54%
coup
53%
j'me
53%
parfois
53%
électron
52%
fou
52%
protons
52%
sens
52%
chargé
51%
couleurs
51%
d'électricité
51%
faudrait
51%
Faudrait
51%
l'accélérateur
51%
vend
51%
bombardé
50%
l'intérieur
50%
Nos
50%
nos
50%
images
49%
rendre
49%
vrai
48%
peuvent
47%
Sensations
46%
particule
43%
patron
43%
chemin
42%
têtes
42%
droit
41%
rythme
41%
ville
41%
J'rencontre
40%
marionnettes
40%
mène
40%
non
40%
Oh
39%
pauvres
38%
humeur
36%
sale
36%
fils
30%
m'mette
22%

Distribution des résultats

Percentile par nombre de réponses

% des personnes avec chaque résultat

Votre développement - résultats

Vous n’avez pas pris ce quiz